000
00371nam a2200145 a 4500
005
20140412111232.0
008
001020s19uu xx 00 eng d
050
_a
TR(GS 031
_b
P762 1992
245
_a
Poldy and friends.
260
_a
U.S.A :
_b
World Book, Inc,
_c
1992.
300
_a
1 v. (unp.) ; ill.
650
_a
Animal pictures
999
_c
102244
_d
102244